000 00311nam a22001337a 4500
020 _qHB.
040 _cFIZZA ISHAQ
082 _a005.71
_bHEN
100 _aPAN, HENG.
_987433
245 _aSNMP BASED ATM NETWORK /
_cHENG PAN.
260 _aNEW YORK :
_bCANTON,
_c1998.
300 _a390 P. ;
942 _2ddc
_cBK
999 _c587517
_d587517